<?xml version="1.0" encoding="UTF-8"?><?xml-stylesheet type="text/xsl" href="static/style.xsl"?><OAI-PMH xmlns="http://www.openarchives.org/OAI/2.0/" xmlns:xsi="http://www.w3.org/2001/XMLSchema-instance" xsi:schemaLocation="http://www.openarchives.org/OAI/2.0/ http://www.openarchives.org/OAI/2.0/OAI-PMH.xsd"><responseDate>2026-04-13T04:53:03Z</responseDate><request verb="GetRecord" identifier="oai:www.recercat.cat:10459.1/47850" metadataPrefix="marc">https://recercat.cat/oai/request</request><GetRecord><record><header><identifier>oai:recercat.cat:10459.1/47850</identifier><datestamp>2024-12-05T22:19:42Z</datestamp><setSpec>com_2072_3622</setSpec><setSpec>col_2072_479130</setSpec></header><metadata><record xmlns="http://www.loc.gov/MARC21/slim" xmlns:dcterms="http://purl.org/dc/terms/" xmlns:xsi="http://www.w3.org/2001/XMLSchema-instance" xmlns:doc="http://www.lyncode.com/xoai" xsi:schemaLocation="http://www.loc.gov/MARC21/slim http://www.loc.gov/standards/marcxml/schema/MARC21slim.xsd">
   <leader>00925njm 22002777a 4500</leader>
   <datafield ind2=" " ind1=" " tag="042">
      <subfield code="a">dc</subfield>
   </datafield>
   <datafield ind2=" " ind1=" " tag="720">
      <subfield code="a">Mattiolo, Paolo</subfield>
      <subfield code="e">author</subfield>
   </datafield>
   <datafield ind2=" " ind1=" " tag="720">
      <subfield code="a">Barbero-Farran A.</subfield>
      <subfield code="e">author</subfield>
   </datafield>
   <datafield ind2=" " ind1=" " tag="720">
      <subfield code="a">Yuste Mateos, Víctor J. (Víctor José)</subfield>
      <subfield code="e">author</subfield>
   </datafield>
   <datafield ind2=" " ind1=" " tag="720">
      <subfield code="a">Boix Torras, Jacint</subfield>
      <subfield code="e">author</subfield>
   </datafield>
   <datafield ind2=" " ind1=" " tag="720">
      <subfield code="a">Ribas i Fortuny, Judit</subfield>
      <subfield code="e">author</subfield>
   </datafield>
   <datafield ind2=" " ind1=" " tag="260">
      <subfield code="c">2015-02-03T17:23:08Z</subfield>
   </datafield>
   <datafield ind2=" " ind1=" " tag="260">
      <subfield code="c">2015-02-03T17:23:08Z</subfield>
   </datafield>
   <datafield ind2=" " ind1=" " tag="260">
      <subfield code="c">2014</subfield>
   </datafield>
   <datafield ind2=" " ind1=" " tag="520">
      <subfield code="a">2-Phenylethynesulfonamide (PES) or pifithrin-μ is a promising anticancer agent with preferential toxicity for cancer cells. The type of cell death and the molecular cascades activated by this compound are controversial. Here, we demonstrate PES elicits a caspase- and BAX/BAK-independent non-necroptotic necrotic cell death, since it is not inhibited by necrostatin-1. This process is characterized by an early generation of reactive oxygen species (ROS) resulting in p53 up-regulation. Accordingly, thiolic antioxidants protect cells from PES-induced death. Furthermore, inhibiting the natural sources of glutathione with l-buthionine-sulfoximine (BSO) strongly cooperates with PES in triggering cytotoxicity. Genetically modified p53-null or p53 knocked-down cells show resistance to PES-driven necrosis. The predominant localization of p53 in chromatin-enriched fractions added to the up-regulation of the p53-responsive gene p21, strongly suggest the involvement of a transcription-dependent p53 program. On the other hand, we report an augmented production of ROS in p53-positive cells that, added to the increased p53 content in response to PES-elicited ROS, suggests that p53 and ROS are mutually regulated in response to PES. In sum, p53 up-regulation by ROS triggers a positive feedback loop responsible of further increasing ROS production and reinforcing PES-driven non-necroptotic necrosis.</subfield>
   </datafield>
   <datafield ind1="8" ind2=" " tag="024">
      <subfield code="a">http://hdl.handle.net/10459.1/47850</subfield>
   </datafield>
   <datafield tag="653" ind2=" " ind1=" ">
      <subfield code="a">Necrosis</subfield>
   </datafield>
   <datafield tag="653" ind2=" " ind1=" ">
      <subfield code="a">p53</subfield>
   </datafield>
   <datafield tag="653" ind2=" " ind1=" ">
      <subfield code="a">oxidative stress</subfield>
   </datafield>
   <datafield tag="653" ind2=" " ind1=" ">
      <subfield code="a">pifithrin-mu</subfield>
   </datafield>
   <datafield tag="653" ind2=" " ind1=" ">
      <subfield code="a">PES (2-phenylethynesulfonamide)</subfield>
   </datafield>
   <datafield tag="653" ind2=" " ind1=" ">
      <subfield code="a">Necrosi</subfield>
   </datafield>
   <datafield tag="653" ind2=" " ind1=" ">
      <subfield code="a">Estrès oxidatiu</subfield>
   </datafield>
   <datafield tag="653" ind2=" " ind1=" ">
      <subfield code="a">Necrosis</subfield>
   </datafield>
   <datafield tag="653" ind2=" " ind1=" ">
      <subfield code="a">Oxidative stress</subfield>
   </datafield>
   <datafield ind2="0" ind1="0" tag="245">
      <subfield code="a">2-phenylethynesulfonamide (PES) uncovers a necrotic process regulated by oxidative stress and p53</subfield>
   </datafield>
</record></metadata></record></GetRecord></OAI-PMH>